LEADER 01136nam a2200265 i 4500 001 000000146626 003 CaOOAMICUS 005 20090427000000.0 008 090427s1976 it u000 u ita u 013 $a123437 040 $aSeMil$bita 100 1 $aCapponi, Gino,$d<1792-1876>.$0(OLS)http://semarc/name/7072 245 10$aSull'educazione :$bframmento /$cdi Gino Capponi ; per cura di Roberto Ridolfi. 260 $a[Firenze] :$bCassa di Risparmio di Firenze,$c1976. 300 $aVII, 223 p., 5 c. di tav. :$bill. ;$c22 cm + [1] err. corr. 500 $aFondo Ciprandi. 650 4$aEducazione.$0(OLS)http://semarc/subject/204 650 4$aCapponi, Gino <1792-1876> - Opere.$0(OLS)http://semarc/subject/28692 700 1 $aRidolfi, Roberto <1899-1991>.$0(OLS)http://semarc/name/4796 850 $aSeMil 852 $aSeMil$W1$xVenegono$y1$m2Q III 3$j99263$B99263$CSeMilBibl$Z2$F108461 $81 941 1 $a1 961 $aOmaggio: Ciprandi dott. Paolo 996 $6245$aSull'educazione :$bframmento$9(OLS)http://semarc/title/214403 996 $6260$a[Firenze] :$bCassa di Risparmio di Firenze$9(OLS)http://semarc/publisher/33169 LEADER 00937nam a2200229 4500 001 000000338035 003 CaOOAMICUS 005 20191120121518.0 008 191120s1905 it 000 u ita r 040 $aSeMil$bita 100 1 $aPanzini, Alfredo,$d<1863-1939>.$0(OLS)http://semarc/name/46630 245 10$aDizionario moderno :$bsupplemento ai dizionari italiani /$cAlfredo Panzini. 264 1$aMilano :$bHoepli,$c1905. 300 $aXXXVI, 553 p. ;$c22 cm 500 $aNel front.: Parole scientifiche, tecniche, mediche, filosofiche, etc. ... 541 1 $aFondo card. Giovanni Colombo 850 $aSeMil 852 $aSeMil$W1$xVenegono$y1$m3GC VII 243$j217859$B229391$CSeMilBibl$Z2$F229391 $8B 941 1 $a3 996 $6245$aDizionario moderno :$bsupplemento ai dizionari italiani$9(OLS)http://semarc/title/426938 996 $6264$aMilano :$bHoepli$9(OLS)http://semarc/publisher/31184 LEADER 00730nam a2200181 i 4500 001 000000258972 003 CaOOAMICUS 005 20180622000000.0 008 180622s1903 xx u000 u ger u 013 $a237880 040 $aSeMil$bita 100 1 $aSommerfeld, Arnold <1868-1951>.$0(OLS)http://semarc/name/95032 245 10$aPhysik. 2. Theil /$credigiert von Arnold Sommerfeld. 300 $a878 p. ;$c25 cm. 773 0 $tEncyklopädie der mathematischen Wissenschaften mit Einschluss ihrer Anwendungen.$dLeipzig : B. G. Teubner, 1898-1923.$gBd.5$w()31361 850 $aSeMil 852 $aSeMil$W1$xVenegono$y1$m3W V 101 FA$j209317$B209317$CSeMilBibl$Z2$F222981 $8I 996 $6245$aPhysik. 2. Theil$9(OLS)http://semarc/title/413838 LEADER 01087nam a2200205 i 4500 001 000000030582 003 CaOOAMICUS 005 20240926124412.0 008 180830s1912 it u000 u ita u 040 $aSeMil$bita 100 1 $aLe Boucher, Gaston.$0(OLS)http://semarc/name/14087 245 10$aDizionario tascabile francese-italiano :$bcon indicazione della pronuncia secondo il sistema fonetico del metodo Toussaint-Langenscheidt /$ccompilato dal prof. Gaston Le Boucher. 260 $aMilano :$bUlrico Hoepli,$c1912. 300 $a2 v. ;$c16 cm. 650 4$aLingua francese - Dizionari, vocabolari, glossari, etc.$0(OLS)http://semarc/subject/1314 774 0 $tFrancese-italiano.$dMilano : Ulrico Hoepli, 1912.$kManuali Hoepli$g1$w()233791 830 0$aManuali Hoepli.$0(OLS)http://semarc/title/7639 996 $6245$aDizionario tascabile francese-italiano :$bcon indicazione della pronuncia secondo il sistema fonetico del metodo Toussaint-Langenscheidt$9(OLS)http://semarc/title/41641 996 $6260$aMilano :$bUlrico Hoepli$9(OLS)http://semarc/publisher/29765